K SLANGOVÝM NÁZVŮM ZÁJMOVÝM A PROFESNÍM

Bibliographic Details
Main Author: Hubáček, Jaroslav, 1929- (Author)
Format: Article
Language:Czech

MARC

LEADER 00000nab a2200000uu 4500
001 vtls011145138
003 SK-MaSNL
005 20260303145747.0
008 230222|1979 xo |||||||||||||||||cze|
015 |a SNBRB 
035 |a (urnnbn)urn:nbn:sk:snk:ar-008iov 
035 |a (uuid)7e237b84-6c36-4657-a412-ff0cdf3e2c1c 
035 |a urn:nbn:sk:snk-abaw03 
040 |a SNKBUCL  |b slo  |c SNKBUCL  |e AACR2 
041 0 |a cze 
044 |a xo  |c SK 
100 1 |a Hubáček, Jaroslav,  |d 1929-  |4 aut  |9 42377 
245 1 0 |a K SLANGOVÝM NÁZVŮM ZÁJMOVÝM A PROFESNÍM  |c Jaroslav Hubáček 
773 0 |t Zborník Filozofickej fakulty Univerzity Komenského  |g Roč. 30, č. 1 (1979), s. [91]-95 
958 |a OND 
958 |a EUIPO 
958 |a article14 
999 |c 2005018  |d 2006948